ARRUPE JESUIT UNIVERSITY

CORONAVIRUS -STOP THE SPREAD - CLEAN,DISINFECT,COVER

Tell my priests : (Record no. 128667)

MARC details
000 -LEADER
fixed length control field 00856nam a22002295a 4500
001 - CONTROL NUMBER
control field 17412036
003 - CONTROL NUMBER IDENTIFIER
control field ARRUPE
005 - DATE AND TIME OF LATEST TRANSACTION
control field 20181127121314.0
008 - FIXED-LENGTH DATA ELEMENTS--GENERAL INFORMATION
fixed length control field 120801s2012 mau 000 0 eng
010 ## - LIBRARY OF CONGRESS CONTROL NUMBER
LC control number 2012945853
020 ## - INTERNATIONAL STANDARD BOOK NUMBER
International Standard Book Number 9781596142657 (pbk. : alk. paper)
040 ## - CATALOGING SOURCE
Original cataloging agency DLC
Transcribing agency DLC
042 ## - AUTHENTICATION CODE
Authentication code pcc
050 ## - LIBRARY OF CONGRESS CALL NUMBER
Classification number BX4700.F266
Item number K86
300 ## - PHYSICAL DESCRIPTION
Dimensions 21cm.
100 1# - MAIN ENTRY--PERSONAL NAME
Personal name Kosicki, George W.
9 (RLIN) 43678
245 10 - TITLE STATEMENT
Title Tell my priests :
Remainder of title the words of our lord about his mercy as revealed to St. Maria Faustina Kowalska /
Statement of responsibility, etc George W. Kosicki, CSB ; [edited by] David Came.
260 ## - PUBLICATION, DISTRIBUTION, ETC. (IMPRINT)
Place of publication, distribution, etc Massachusetts :
Name of publisher, distributor, etc St. Pauls,
Date of publication, distribution, etc 1992.
300 ## - PHYSICAL DESCRIPTION
Extent 143p. ;
650 ## - SUBJECT ADDED ENTRY--TOPICAL TERM
Topical term or geographic name as entry element Catholic Church
General subdivision Clergy
-- Spiritual life
9 (RLIN) 24702
906 ## - LOCAL DATA ELEMENT F, LDF (RLIN)
a 0
b ibc
c orignew
d 2
e epcn
f 20
g y-gencatlg
942 ## - ADDED ENTRY ELEMENTS (KOHA)
Source of classification or shelving scheme Library of Congress Classification
Koha item type Monograph ( Printed materials)
Holdings
Withdrawn status Lost status Source of classification or shelving scheme Damaged status Not for loan Collection code Home library Current library Shelving location Date acquired Total Checkouts Full call number Barcode Date last seen Price effective from Koha item type
    Library of Congress Classification     Main Collection ARRUPE LIBRARY ARRUPE LIBRARY Main Collection 27/11/2018   BX4700.F266 K86 46600002688 27/11/2018 27/11/2018 Monograph ( Printed materials)

 

Arrupe Library. PO Box MP320 Mt Pleasant, Harare, Zimbabwe
263 242 745411|librarian@aju.ac.zw